<?xml version="1.0" encoding="UTF-8"?>
<collection xmlns:xsi="http://www.w3.org/2001/XMLSchema-instance" xsi:schemaLocation="http://www.loc.gov/MARC21/slim http://www.loc.gov/standards/marcxml/schema/MARC21slim.xsd" xmlns="http://www.loc.gov/MARC21/slim">
 <record>
  <leader>00000cam a22000003i 4500</leader>
  <controlfield tag="001">UP-1685594773862036158</controlfield>
  <controlfield tag="003">Buklod</controlfield>
  <controlfield tag="005">20160902174917.0</controlfield>
  <controlfield tag="006">g||| |     ||   ||</controlfield>
  <controlfield tag="007">ta</controlfield>
  <controlfield tag="008">160905s1996    enk     rb   |||1 u|eng d</controlfield>
  <datafield tag="020" ind1=" " ind2=" ">
   <subfield code="a">0198711239</subfield>
  </datafield>
  <datafield tag="035" ind1=" " ind2=" ">
   <subfield code="a">(iLib)UPBAG-00021736733</subfield>
  </datafield>
  <datafield tag="040" ind1=" " ind2=" ">
   <subfield code="a">DLC</subfield>
   <subfield code="d">BAG</subfield>
   <subfield code="e">rda</subfield>
  </datafield>
  <datafield tag="041" ind1="0" ind2=" ">
   <subfield code="a">eng</subfield>
  </datafield>
  <datafield tag="090" ind1=" " ind2="0">
   <subfield code="a">PN 1992.3 D44</subfield>
   <subfield code="b">N49 1996</subfield>
  </datafield>
  <datafield tag="245" ind1="0" ind2="0">
   <subfield code="a">New patterns in global television</subfield>
   <subfield code="b">peripheral vision</subfield>
   <subfield code="c">edited by John Sinclair [and two others].</subfield>
  </datafield>
  <datafield tag="264" ind1=" " ind2="1">
   <subfield code="a">Oxford</subfield>
   <subfield code="b">Oxford University Press</subfield>
   <subfield code="c">1996.</subfield>
  </datafield>
  <datafield tag="300" ind1=" " ind2=" ">
   <subfield code="a">xii, 238 pages</subfield>
   <subfield code="c">22 cm</subfield>
  </datafield>
  <datafield tag="504" ind1=" " ind2=" ">
   <subfield code="a">Includes bibliographical references and index.</subfield>
  </datafield>
  <datafield tag="505" ind1="0" ind2=" ">
   <subfield code="a">1. Peripheral vision / John Sinclair, Elizabeth Jacka, and Stuart Cunningham -- The transformation of the audiovisual landscape -- New patterns of television flow -- Home on the middle range: geolinguistic regions -- Cross-cutlural textual and audience analysis -- 'Gatekeepers' and cultural industry factors in television flows -- 'Globalization': more than meets the eye -- Staking out the periphery -- 2. Mexico, Brazil, and the Latin world / John Sinclair -- Media transnationals of the 'Third World' -- 'Savage capitalism' -- Horizontal and vertical integration -- Televisa-ion and globo-ization -- Crowding in the 'Latin audiovisual space' -- 3. India. Part I. India cinema beyond national borders / Manjunath Pendakur and Radha Subramanyam -- Film exports, export promotion institutions, and their problems -- Major diasporic markets -- Part II. Indian television: an emerging regional force / Manas Ray and Elizabeth Jacka -- Background -- The dominance of Hinduism in Indian television culture -- India and its regions: the potential of television export -- The future -- 4. Egypt and the Arab world in the satellite age / Hussein Amin -- Development of television in the Arab world -- The development of the ARABSAT -- Egypt -- Saundi Arabia -- Kuwait -- Development of international television in other Arab states -- Issues for Arab international television services -- Conclusion -- 5. Television in greater China: structure, exports, and market formation / Joseph Man Chan -- Structure of television systems -- Programme expeorts -- The emergent market of greater China -- Political periphery as cultural centre -- 6. Canadian television exports: into the mainstream / Paul Attallah -- A brief history of Canadian television -- Market factors -- Exports telefilm: 1952-1982 -- After telefilm: exports since 1982 -- Canadian production companies -- Concluding remarks -- 7. Australian television in world markets / Stuart Cunningham and Elizabeth Jacka -- The international face of Australian television -- The television system -- State intervention -- International 'careers' of Australian programmes -- Conclusion: benefits and drawbacks of internationalization.</subfield>
  </datafield>
  <datafield tag="650" ind1=" " ind2="0">
   <subfield code="a">Television broadcasting</subfield>
   <subfield code="z">Developing countries.</subfield>
  </datafield>
  <datafield tag="650" ind1=" " ind2="0">
   <subfield code="a">Television broadcasting</subfield>
   <subfield code="z">Canada.</subfield>
  </datafield>
  <datafield tag="650" ind1=" " ind2="0">
   <subfield code="a">Television broadcasting</subfield>
   <subfield code="z">Australia.</subfield>
  </datafield>
  <datafield tag="700" ind1="1" ind2=" ">
   <subfield code="a">Sinclair, John</subfield>
   <subfield code="e">editor.</subfield>
  </datafield>
  <datafield tag="905" ind1=" " ind2=" ">
   <subfield code="a">FO</subfield>
  </datafield>
  <datafield tag="852" ind1="0" ind2=" ">
   <subfield code="a">UPBAG</subfield>
   <subfield code="b">UPBAG-MAIN</subfield>
   <subfield code="h">PN 1992.3 D44 N49 1996</subfield>
  </datafield>
  <datafield tag="942" ind1=" " ind2=" ">
   <subfield code="a">Book</subfield>
  </datafield>
 </record>
</collection>
